Chicago Fire and Pd Characters - Statistics

General Stats
  • This quiz has been taken 796 times
  • The average score is 9 of 15
Answer Stats
Hint Answer % Correct
Lieutenant for Squad 3. (Hot Firefighter) Kelly Severide
91%
Lieutenant for Truck 81. (Also Hot Firefighter) Matt Casey
85%
Paramedic in charge for Ambulance 61 and is dating a firefighter on Truck 81, she also owns the bar Molly's. ( Also Took the Firefighters Test) Gabby Dawson
72%
Dawson's Brother and part of the Intelligence Unit. Antonio Dawson
71%
Chief For FireHouse 51 Wallace Boden
62%
Paramedic for Ambulance 61. Leslie Shay
61%
The driver for Truck 81. Joe Cruz
60%
An enemy of Casey's and now in charge of the Intelligence Unit. Hank Voight
59%
Former Candidate for Truck 81 now part of Squad 3. Peter Mills
58%
Owns the bar Molly's with two other characters Otis
57%
Part of the Intelligence Unit and has feelings for his partner. Jay Halstead
54%
Smart detective who has feelings for her partner, Also part of the Intelliegence Unit. Erin Lindsay
45%
Brought up from the Academy right to the Intelligence Unit. Adam Ruzek
44%
Looks like a Homeless Detective in the Intelligence Unit. Alvin Olinsky
37%
Owns the bar Molly's and passed his Lieutenant Exam. Has Five kids in the show. Christopher Herrmann
33%
No matching quizzes found
Score Distribution
Percent of People with Each Score
Percentile by Number Answered
Your Score History
You have not taken this quiz